Riconosci le Bandiere sbagliate - Quiz n°7 - Statistics

Statistiche generali
  • Questo quiz è stato fatto 8 volte
  • Il punteggio medio è 26 su 30
Statistiche sulle risposte
Domanda Casella Select % Corretto
tutte le bandiere sbagliate
100%
tutte le bandiere sbagliate No
100%
tutte le bandiere sbagliate No
100%
tutte le bandiere sbagliate
100%
tutte le bandiere sbagliate No
100%
tutte le bandiere sbagliate No
100%
tutte le bandiere sbagliate No
100%
tutte le bandiere sbagliate
100%
tutte le bandiere sbagliate No
100%
tutte le bandiere sbagliate No
100%
tutte le bandiere sbagliate No
100%
tutte le bandiere sbagliate No
100%
tutte le bandiere sbagliate No
100%
tutte le bandiere sbagliate
100%
tutte le bandiere sbagliate
100%
tutte le bandiere sbagliate No
100%
tutte le bandiere sbagliate No
100%
tutte le bandiere sbagliate No
83%
tutte le bandiere sbagliate
83%
tutte le bandiere sbagliate
83%
tutte le bandiere sbagliate No
83%
tutte le bandiere sbagliate
83%
tutte le bandiere sbagliate
83%
tutte le bandiere sbagliate
83%
tutte le bandiere sbagliate No
83%
tutte le bandiere sbagliate No
83%
tutte le bandiere sbagliate
67%
tutte le bandiere sbagliate
67%
tutte le bandiere sbagliate
33%
tutte le bandiere sbagliate
17%
Nessun quiz corrispondente trovato
Distribuzione punteggi
Percentuale di utenti per punteggio
Percentile per numero di risposta
I tuoi punteggi nel tempo
Non hai fatto questo quiz